VAMOaCOCHI - Omar Courtz - Estadísticas

Estadísticas generales
  • Esta prueba ha sido intentada 46 veces
  • La puntuación promedio es 262 de 454
Estadísticas de respuestas
Letra % Correcto
a
93%
A
93%
ma
86%
mi
86%
No
86%
si
86%
solo
86%
te
86%
86%
86%
tu
86%
Tu
86%
y
86%
Y
86%
yo
86%
Yo
86%
Cuando
79%
cuándo
79%
cuando
79%
es
79%
l
79%
que
79%
Que
79%
Vamo
79%
vamo
79%
cochinear
71%
estar
71%
le
71%
mami
71%
Mami
71%
sientas
71%
sola
71%
tienes
71%
Cochineo
64%
Cochinola
64%
de
64%
De
64%
en
64%
eres
64%
me
64%
Me
64%
Se
64%
64%
solos
64%
bebé
57%
el
57%
Ella
57%
la
57%
La
57%
quiera
57%
quiero
57%
solita
57%
cuerpo
50%
dónde
50%
donde
50%
nunca
50%
pa
50%
quieras
50%
Uh
50%
uh
50%
vamos
50%
baby
43%
Chencho
43%
como
43%
Cómo
43%
dejo
43%
forever
43%
llego
43%
nena
43%
nos
43%
Nos
43%
oh
43%
sabes
43%
Uoh
43%
uoh
43%
acariciar
36%
aplique
36%
comer
36%
estás
36%
estés
36%
explico
36%
ey
36%
lo
36%
ojos
36%
piel
36%
robo
36%
sexo
36%
calentándome
29%
cuerpito
29%
destino
29%
Dime
29%
eh
29%
fanático
29%
necesite
29%
necesito
29%
nosotro
29%
Para
29%
por
29%
rescatarte
29%
sensual
29%
sigue
29%
Sigue
29%
somo
29%
Soy
29%
un
29%
antojo
21%
bellaqueando
21%
cabrón
21%
cola
21%
dañá
21%
explorar
21%
fanática
21%
invento
21%
Jowell
21%
los
21%
más
21%
Mirándono
21%
mismo
21%
Ponle
21%
Randy
21%
reencuentro
21%
reggaeton
21%
suelto
21%
toa
21%
adicto
14%
así
14%
bebecita
14%
cochineando
14%
comerte
14%
disco
14%
fuimo
14%
hora
14%
momento
14%
mueva
14%
sea
14%
Siempre
14%
siempre
14%
siente
14%
todo
14%
tón
14%
unió
14%
voy
14%
yeah
14%
Yeah
14%
activo
7%
algo
7%
cualquier
7%
ese
7%
estoy
7%
mente
7%
moviendo
7%
paso
7%
piensa
7%
recordándote
7%
Síguelo
7%
veo
7%
Cada
0%
Dale
0%
oah
0%
vez
0%
No se encontraron pruebas coincidentes
Distribución de puntuación
Porcentaje de gente con cada puntuación
Porcentaje por número respondido
Historial de tus puntuaciones
No has intentado esta prueba.